000 00877nam a22002777a 4500
001 03553
003 HDC
007 cr bn ---aaaaa
008 210110t2018 -uk||||| |||| 00| 0 eng
020 _a978-1138238695
040 _aHDC
100 _aMohamed Mohamed Battour
_93049
245 0 _aHalal Tourism / by
_cMohamed Mohamed Battour
260 _aUnited Kingdom :
_bRoutledge,
_c2018
300 _a6 pages
336 _atext
_2rdacontent
337 _acomputer
_2rdamedia
338 _aonline resource
_2rdacarrier
650 _aHalal tourism
_9529
650 _aMuslim friendly destination
_93050
650 _aMuslim travel
_93051
856 _zRequest full-text at [email protected]
942 _2lcc
942 _cCHAP
942 _kEBCH 001602
999 _c903
_d903